| 000 | 00998nac a22002651u 4500 | ||
|---|---|---|---|
| 010 | _a75029482 | ||
| 020 | _a0814315518 | ||
| 082 | 0 | 0 |
_a613.94 _bM696 |
| 090 |
_c1710 _d1710 |
||
| 100 | _a20080729 | ||
| 245 | 1 | 0 |
_aRegulation of human fertility : _b[proceedings] / _cedited by Kamran S. Moghissi and Tommy N. Evans. |
| 260 |
_aDetroit : _bWayne State University, _c1976. |
||
| 300 |
_a318 p. : _bill. ; _c23 cm. |
||
| 500 | _aDonations | ||
| 500 | _aDonations - Dr. Mostafa Gouda | ||
| 504 | _aIncludes bibliographies and index. | ||
| 650 | 0 |
_aContraception _xCongresses. |
|
| 650 | 0 |
_aContraceptives _xCongresses. |
|
| 650 | 0 |
_aContraception _xMethods _xCongresses. |
|
| 650 | 0 |
_aFamily planning _xCongresses. |
|
| 700 | 1 | _aMoghissi, Kamran S. | |
| 700 | 1 |
_aEvans, Tommy Nicholas, _d1922- |
|
| 942 |
_cBB _k613.94M696 |
||
| 999 |
_c1710 _d1710 |
||